| 000 | 00330nam a22001337a 4500 | ||
|---|---|---|---|
| 003 | OSt | ||
| 005 | 20160727222412.0 | ||
| 008 | 160624b xxu||||| |||| 00| 0 eng d | ||
| 100 |
_91031 _aRoss, B.M |
||
| 245 | _aOn the Trail of a Twin | ||
| 260 |
_aN.J _b Fleming H. Revell _c1981 |
||
| 300 | _aOn the Trail of a Twin | ||
| 942 |
_2ddc _cBK |
||
| 999 |
_c827 _d827 |
||